[Event "Titled Tuesday intern op 27th Sep Early"]
[Site "Chess.com INT"]
[Date "2022.09.27"]
[Round "2"]
[White "Fiorito, Francisco"]
[Black "Ravi, Thandalam Shanmugam"]
[Result "1-0"]
[WhiteElo "2291"]
[BlackElo "2237"]
[PlyCount "175"]
[EventDate "2022.09.27"]
[EventType "swiss (blitz)"]
[EventRounds "11"]
[EventCountry "USA"]
[SourceTitle "CBM 210 Extra"]
[Source "ChessBase"]
[SourceDate "2022.11.30"]
[SourceVersion "1"]
[SourceVersionDate "2022.11.30"]
[SourceQuality "1"]

1. d4 Nf6 2. Nf3 d5 3. c3 c5 4. dxc5 Nc6 5. b4 Bf5 6. Bf4 e6 7. e3 Be7 8. Bb5 0-0 9. Nbd2 a5 10. a3 Na7 11. Be2 b6 12. cxb6 Qxb6 13. 0-0 Nb5 14. Be5 Nd7 15. Bd4 Qb7 16. Nb3 a4 17. Nbd2 Rfc8 18. c4 Nxd4 19. Nxd4 dxc4 20. Nxf5 exf5 21. Nxc4 Rd8 22. Qc2 Rac8 23. Qxf5 Bf6 24. Rac1 Qb8 25. g3 g6 26. Qf3 Kg7 27. Na5 Ne5 28. Qf4 Rxc1 29. Rxc1 Rd2 30. Kf1 Qa8 31. e4 g5 32. Qe3 Qd8 33. Nc4 Nxc4 34. Bxc4 Bb2 35. Re1 Rc2 36. e5 Rxc4 37. e6 fxe6 38. Qa7+ Rc7 39. Qxa4 Qd5 40. Qa6 Qh1+ 41. Ke2 Rc2+ 42. Kd3 Qxe1 43. Kxc2 Qc3+ 44. Kb1 Qc1+ 45. Ka2 Bf6 46. Qe2 Qc3 47. b5 Qa1+ 48. Kb3 Qb1+ 49. Ka4 Kf7 50. Qc4 Qd1+ 51. Ka5 Qd2+ 52. Ka6 Qxf2 53. b6 Bd8 54. Qc6 Qe2+ 55. Qb5 Qxb5+ 56. Kxb5 e5 57. a4 Ke6 58. a5 e4 59. a6 e3 60. a7 e2 61. a8Q e1Q 62. Qxd8 Qb1+ 63. Kc6 Qc2+ 64. Kb7 Qe4+ 65. Kb8 Qe5+ 66. Qc7 Qb2 67. b7 Kf5 68. Qd7+ Kg6 69. Kc8 Qc2+ 70. Qc7 Qf5+ 71. Qd7 Qf8+ 72. Kc7 Kh5 73. b8Q Qc5+ 74. Qc6 Qe7+ 75. Kb6 Qb4+ 76. Qb5 Qd4+ 77. Qc5 Qb2+ 78. Kc7 Qg7+ 79. Kc6 Qf6+ 80. Qbd6 Qf3+ 81. Qcd5 Qc3+ 82. Kd7 Qg7+ 83. Qe7 Qg6 84. Qd1+ Kh6 85. Qf8+ Qg7+ 86. Qxg7+ Kxg7 87. Qh5 h6 88. Ke7 1-0

[Event "Titled Tuesday intern op 27th Sep Early"]
[Site "Chess.com INT"]
[Date "2022.09.27"]
[Round "1"]
[White "Ravi, Thandalam Shanmugam"]
[Black "Mirzoev, Azer"]
[Result "0-1"]
[WhiteElo "2237"]
[BlackElo "2454"]
[PlyCount "66"]
[EventDate "2022.09.27"]
[EventType "swiss (blitz)"]
[EventRounds "11"]
[EventCountry "USA"]
[SourceTitle "CBM 210 Extra"]
[Source "ChessBase"]
[SourceDate "2022.11.30"]
[SourceVersion "1"]
[SourceVersionDate "2022.11.30"]
[SourceQuality "1"]

1. e4 Nc6 2. Nf3 e5 3. Bb5 a6 4. Ba4 Nge7 5. 0-0 Ng6 6. d4 exd4 7. Nxd4 Nxd4 8. Qxd4 b5 9. Bb3 Bb7 10. Qe3 Be7 11. Nc3 0-0 12. Nd5 Re8 13. Qe2 Bc5 14. Be3 Bxe3 15. Qxe3 d6 16. Rfe1 Ne5 17. f4 Nd7 18. Qg3 Nc5 19. c3 Rxe4 20. Rxe4 Nxe4 21. Qd3 Nf6 22. Ne3 Qe8 23. Re1 Qe4 24. Qd2 Qxf4 25. Rf1 Qg5 26. Rf5 Qh6 27. Qf2 Re8 28. Nf1 c5 29. h3 c4 30. Bc2 Be4 31. Bxe4 Nxe4 32. Qd4 Nc5 33. Qxd6 Qxd6 0-1

[Event "Titled Tuesday intern op 27th Sep Early"]
[Site "Chess.com INT"]
[Date "2022.09.27"]
[Round "10"]
[White "Ravi, Thandalam Shanmugam"]
[Black "Thiel, Thomas"]
[Result "1-0"]
[WhiteElo "2237"]
[BlackElo "2230"]
[PlyCount "77"]
[EventDate "2022.09.27"]
[EventType "swiss (blitz)"]
[EventRounds "11"]
[EventCountry "USA"]
[SourceTitle "CBM 210 Extra"]
[Source "ChessBase"]
[SourceDate "2022.11.30"]
[SourceVersion "1"]
[SourceVersionDate "2022.11.30"]
[SourceQuality "1"]

1. e4 d5 2. exd5 Nf6 3. d4 Nxd5 4. Nf3 g6 5. Be2 Bg7 6. 0-0 0-0 7. c4 Nb6 8. b3 Nc6 9. Bb2 Bg4 10. Na3 Bxf3 11. Bxf3 Nxd4 12. Bxb7 Rb8 13. Be4 c5 14. Rb1 a6 15. Nc2 e5 16. Nxd4 exd4 17. Qf3 Qf6 18. Qxf6 Bxf6 19. Rfe1 Rfe8 20. Bc6 Rxe1+ 21. Rxe1 a5 22. Ba3 Rc8 23. Bb7 Rc7 24. Re8+ Kg7 25. Be4 a4 26. Rb8 axb3 27. Rxb6 bxa2 28. Bb2 Ra7 29. Ba1 Re7 30. f3 Be5 31. Ra6 f5 32. Bd3 Bf4 33. Rxa2 Re3 34. Bf1 Rb3 35. g3 Be3+ 36. Kg2 Rb1 37. Bb2 Kh6 38. Ba3 Rd1 39. Bxc5 1-0

[Event "Titled Tuesday intern op 21st Sept"]
[Site "Chess.com INT"]
[Date "2021.09.21"]
[Round "7"]
[White "Ravi, Thandalam Shanmugam"]
[Black "Gracia Alvarez, Gerardo Antonio"]
[Result "0-1"]
[WhiteElo "2236"]
[BlackElo "2237"]
[PlyCount "30"]
[EventDate "2021.09.21"]
[EventType "swiss (blitz)"]
[EventRounds "9"]
[EventCountry "USA"]
[SourceTitle "EXT 2022"]
[Source "ChessBase"]
[SourceDate "2021.10.06"]
[SourceVersion "1"]
[SourceVersionDate "2021.10.06"]
[SourceQuality "1"]

1. e4 c5 2. Nf3 Nc6 3. Nc3 g6 4. Bb5 Nd4 5. Bc4 Bg7 6. Nxd4 cxd4 7. Qf3 e6 8. Nb5 Ke7 9. c3 dxc3 10. dxc3 a6 11. Nd4 b5 12. Bb3 Bb7 13. 0-0 Nf6 14. Re1 Re8 15. Qd3 d6 0-1

[Event "Titled Tuesday intern op 15th June"]
[Site "Chess.com INT"]
[Date "2021.06.15"]
[Round "4"]
[White "Al Tarbosh, Ward"]
[Black "Ravi, Thandalam Shanmugam"]
[Result "1-0"]
[WhiteElo "2189"]
[BlackElo "2236"]
[PlyCount "63"]
[EventDate "2021.06.15"]
[EventType "swiss (blitz)"]
[EventRounds "11"]
[EventCountry "USA"]
[SourceTitle "CBM 203 Extra"]
[Source "ChessBase"]
[SourceDate "2021.09.30"]
[SourceVersion "1"]
[SourceVersionDate "2021.09.30"]
[SourceQuality "1"]

1. e4 c6 2. Nf3 d5 3. Nc3 dxe4 4. Nxe4 Bf5 5. Ng3 Bg6 6. h4 h6 7. Ne5 Qd6 8. d4 Nd7 9. Nc4 Qe6+ 10. Be2 Ngf6 11. 0-0 b5 12. Ne3 Ne4 13. Bg4 Qd6 14. h5 Bh7 15. Nef5 Bxf5 16. Nxf5 Qc7 17. Qf3 Ndf6 18. Bf4 Qb6 19. Rfe1 Ng5 20. Bxg5 hxg5 21. Nd6+ Kd8 22. Nxf7+ Kc7 23. Qg3+ Kb7 24. Nxh8 Qxd4 25. Rad1 Qxg4 26. Qxg4 Nxg4 27. Rd7+ Kb6 28. Ng6 e5 29. Nxf8 Rxf8 30. Rxg7 Rf5 31. f3 Nf6 32. h6 1-0

[Event "Titled Tuesday intern op 15th June"]
[Site "Chess.com INT"]
[Date "2021.06.15"]
[Round "6"]
[White "Ravi, Thandalam Shanmugam"]
[Black "Rodriguez, Santiago"]
[Result "1/2-1/2"]
[WhiteElo "2236"]
[BlackElo "2252"]
[PlyCount "66"]
[EventDate "2021.06.15"]
[EventType "swiss (blitz)"]
[EventRounds "11"]
[EventCountry "USA"]
[SourceTitle "CBM 203 Extra"]
[Source "ChessBase"]
[SourceDate "2021.09.30"]
[SourceVersion "1"]
[SourceVersionDate "2021.09.30"]
[SourceQuality "1"]

1. e4 c5 2. c3 Nf6 3. e5 Nd5 4. d4 cxd4 5. Nf3 d6 6. cxd4 e6 7. Bc4 Bd7 8. Bxd5 exd5 9. Nc3 Be6 10. 0-0 Nc6 11. h3 dxe5 12. Nxe5 Nxe5 13. dxe5 Bc5 14. Qa4+ Bd7 15. Qb3 Bc6 16. Rd1 Qh4 17. Qc2 0-0 18. Nxd5 Bxd5 19. Rxd5 Bb6 20. Qf5 Rad8 21. Rxd8 Bxd8 22. Be3 Qb4 23. Qc2 Be7 24. Rd1 b6 25. a3 Qb5 26. Bd4 h6 27. Bc3 Rc8 28. Qd2 Qb3 29. Qd5 Qc2 30. Qd2 Qb3 31. Qd5 Qc2 32. Rd2 Qc1+ 33. Rd1 Qc2 1/2-1/2

[Event "Titled Tuesday intern op 01st June"]
[Site "Chess.com INT"]
[Date "2021.06.01"]
[Round "5"]
[White "Ravi, Thandalam Shanmugam"]
[Black "Fajdetic, Hrvoje"]
[Result "1-0"]
[WhiteElo "2236"]
[BlackElo "2151"]
[PlyCount "103"]
[EventDate "2021.06.01"]
[EventType "swiss (blitz)"]
[EventRounds "11"]
[EventCountry "USA"]
[SourceTitle "CBM 202 Extra"]
[Source "ChessBase"]
[SourceDate "2021.07.31"]
[SourceVersion "1"]
[SourceVersionDate "2021.07.31"]
[SourceQuality "1"]

1. e4 e6 2. d4 d5 3. Nd2 dxe4 4. Nxe4 Nd7 5. Nf3 Ngf6 6. Bg5 Be7 7. Bxf6 Nxf6 8. Nxf6+ Bxf6 9. Bd3 c5 10. dxc5 Bxb2 11. Bb5+ Bd7 12. Bxd7+ Qxd7 13. Qxd7+ Kxd7 14. Rb1 Bc3+ 15. Ke2 Kc6 16. Rb3 Bf6 17. Rd1 Rhd8 18. Rbd3 Rxd3 19. Rxd3 Rd8 20. Rxd8 Bxd8 21. Ne5+ Kxc5 22. Nxf7 Bf6 23. Kd3 b5 24. f4 h6 25. c3 a5 26. g4 b4 27. cxb4+ Kxb4 28. Nd6 a4 29. Nc4 Kc5 30. Ne3 g5 31. f5 exf5 32. Nxf5 Kb4 33. Kc2 Kc4 34. Nxh6 Kd4 35. Ng8 Bd8 36. Kb2 Ke4 37. Ka3 Kf4 38. Nh6 Kf3 39. Kxa4 Kg2 40. Kb5 Kxh2 41. a4 Kg3 42. a5 Bc7 43. a6 Bb8 44. Kb6 Bf4 45. a7 Be3+ 46. Kb7 Bxa7 47. Kxa7 Kf3 48. Kb6 Ke4 49. Kc5 Ke5 50. Nf5 Kf6 51. Kd5 Kg6 52. Ke6 1-0

[Event "Titled Tuesday intern op 11th May"]
[Site "Chess.com INT"]
[Date "2021.05.11"]
[Round "7"]
[White "Marcziter, Dmitrii"]
[Black "Ravi, Thandalam Shanmugam"]
[Result "1/2-1/2"]
[WhiteElo "2243"]
[BlackElo "2236"]
[PlyCount "138"]
[EventDate "2021.05.11"]
[EventType "swiss (blitz)"]
[EventRounds "11"]
[EventCountry "USA"]
[SourceTitle "CBM 202 Extra"]
[Source "ChessBase"]
[SourceDate "2021.07.31"]
[SourceVersion "1"]
[SourceVersionDate "2021.07.31"]
[SourceQuality "1"]

1. d4 b6 2. c4 Bb7 3. Nc3 e6 4. a3 d6 5. Nf3 h6 6. e4 g6 7. Be3 Bg7 8. Qd2 Ne7 9. Bd3 Nd7 10. 0-0 a6 11. Rad1 e5 12. b4 a5 13. dxe5 Nxe5 14. Nxe5 dxe5 15. Nd5 Nxd5 16. cxd5 Ba6 17. Bxa6 Rxa6 18. Qd3 Ra8 19. Qd2 axb4 20. axb4 Qd7 21. f4 Ra4 22. fxe5 Bxe5 23. Bxh6 Qg4 24. Bf4 Qh5 25. h3 0-0 26. Rc1 Re8 27. Rc6 Ra3 28. Bxe5 Qxe5 29. Qf4 Qxf4 30. Rxf4 Rb3 31. Rxc7 Rf8 32. e5 Re3 33. d6 Rxe5 34. Rd4 Ree8 35. Rb7 Rb8 36. Rxb8 Rxb8 37. Kf2 Kf8 38. Ke3 Ke8 39. Ke4 Kd7 40. Kd5 Rh8 41. g4 Rxh3 42. Rf4 Rd3+ 43. Kc4 Rxd6 44. Rxf7+ Ke6 45. Rc7 Kf6 46. b5 Kg5 47. Rc6 Rd1 48. Rxb6 Rg1 49. Rd6 Rxg4+ 50. Kc5 Rg1 51. Rd5+ Kh4 52. Rd4+ Kh5 53. b6 Rb1 54. Rb4 Rc1+ 55. Kd6 Rc8 56. b7 Rb8 57. Kc7 Rg8 58. b8Q Rxb8 59. Kxb8 g5 60. Kc7 g4 61. Kd6 g3 62. Rb2 Kg4 63. Ke5 Kf3 64. Rb3+ Kf2 65. Rb2+ Kf3 66. Kd4 g2 67. Rb3+ Kf2 68. Rb2+ Kf1 69. Rxg2 Kxg2 1/2-1/2

[Event "Titled Tuesday intern op 11th May"]
[Site "Chess.com INT"]
[Date "2021.05.11"]
[Round "3"]
[White "Ravi, Thandalam Shanmugam"]
[Black "Lauridsen, Jesper Morch"]
[Result "1/2-1/2"]
[WhiteElo "2236"]
[BlackElo "2215"]
[PlyCount "132"]
[EventDate "2021.05.11"]
[EventType "swiss (blitz)"]
[EventRounds "11"]
[EventCountry "USA"]
[SourceTitle "CBM 202 Extra"]
[Source "ChessBase"]
[SourceDate "2021.07.31"]
[SourceVersion "1"]
[SourceVersionDate "2021.07.31"]
[SourceQuality "1"]

1. e4 e5 2. Nf3 Nf6 3. Nc3 Bb4 4. Nxe5 0-0 5. Nd3 Bxc3 6. dxc3 Nxe4 7. c4 Re8 8. Be2 Nc6 9. 0-0 Nd4 10. Be3 Nxe2+ 11. Qxe2 d6 12. Qf3 Bd7 13. Bd4 Bc6 14. Rfe1 Qg5 15. Qf4 Qg6 16. f3 Ng5 17. Kh1 Ne6 18. Qh4 Nxd4 19. Qxd4 h6 20. b3 a5 21. a4 Rxe1+ 22. Rxe1 Re8 23. Rxe8+ Bxe8 24. Qd5 b6 25. h3 Qf6 26. Kh2 c6 27. Qe4 Bd7 28. Qf4 Qxf4+ 29. Nxf4 g6 30. g4 b5 31. cxb5 cxb5 32. axb5 Bxb5 33. Kg3 a4 34. bxa4 Bxa4 35. c3 Bb3 36. Kf2 Kg7 37. Ke3 Kf6 38. h4 g5 39. hxg5+ hxg5 40. Nd3 Ke6 41. Ne1 f5 42. gxf5+ Kxf5 43. Nd3 g4 44. fxg4+ Kxg4 45. Kd4 Kf5 46. Nb4 Bg8 47. Nc6 Kf4 48. Nd8 Kf3 49. Nb7 Ke2 50. Nxd6 Kd2 51. Ne4+ Kc2 52. Nf6 Bf7 53. Nd7 Bg8 54. Nc5 Bf7 55. Ne4 Bg8 56. Nf6 Bf7 57. Ng4 Bg8 58. Ne3+ Kb3 59. Nf1 Bf7 60. Nd2+ Ka4 61. Ne4 Kb3 62. Nd6 Bg8 63. Nf5 Bf7 64. Ne3 Bg8 65. Kd3 Bf7 66. Kd4 Bg8 1/2-1/2

[Event "Titled Tuesday intern op 11th May"]
[Site "Chess.com INT"]
[Date "2021.05.11"]
[Round "9"]
[White "Ravi, Thandalam Shanmugam"]
[Black "Ptacnikova, Lenka"]
[Result "1-0"]
[WhiteElo "2236"]
[BlackElo "2107"]
[PlyCount "105"]
[EventDate "2021.05.11"]
[EventType "swiss (blitz)"]
[EventRounds "11"]
[EventCountry "USA"]
[SourceTitle "CBM 202 Extra"]
[Source "ChessBase"]
[SourceDate "2021.07.31"]
[SourceVersion "1"]
[SourceVersionDate "2021.07.31"]
[SourceQuality "1"]

1. e4 c5 2. c3 Nf6 3. e5 Nd5 4. d4 cxd4 5. Nf3 Nc6 6. cxd4 d6 7. Bc4 Nb6 8. Bb5 dxe5 9. Nxe5 Bd7 10. Nxd7 Qxd7 11. 0-0 e6 12. Nc3 Rd8 13. Be3 Be7 14. Qg4 0-0 15. Rfd1 Kh8 16. d5 Nxd5 17. Nxd5 exd5 18. Qxd7 Rxd7 19. Bxa7 Bf6 20. Rd2 h6 21. Bc5 Rc8 22. Rad1 d4 23. a4 Rd5 24. Bb6 Kg8 25. g3 g5 26. b3 g4 27. Be2 h5 28. f3 Rg5 29. fxg4 hxg4 30. Rf1 Kg7 31. Rf4 Ne5 32. Bxd4 Nf3+ 33. Bxf3 Bxd4+ 34. Rdxd4 gxf3 35. Rxf3 Rc2 36. Rf2 Rxf2 37. Kxf2 Rc5 38. Rb4 Rc7 39. Rb6 f6 40. Ke3 Kg6 41. Kf4 Rd7 42. Rb4 Re7 43. g4 Rd7 44. h4 Re7 45. h5+ Kg7 46. Rb6 Rd7 47. b4 Rc7 48. Kf5 Rd7 49. Rxf6 Rd5+ 50. Ke6 Rd4 51. Rf7+ Kg8 52. Rxb7 Rxg4 53. a5 1-0

[Event "Titled Tuesday intern op 11th May"]
[Site "Chess.com INT"]
[Date "2021.05.11"]
[Round "8"]
[White "Ravi, Thandalam Shanmugam"]
[Black "Sarkar, Justin"]
[Result "0-1"]
[WhiteElo "2236"]
[BlackElo "2360"]
[PlyCount "96"]
[EventDate "2021.05.11"]
[EventType "swiss (blitz)"]
[EventRounds "11"]
[EventCountry "USA"]
[SourceTitle "CBM 202 Extra"]
[Source "ChessBase"]
[SourceDate "2021.07.31"]
[SourceVersion "1"]
[SourceVersionDate "2021.07.31"]
[SourceQuality "1"]

1. e4 e5 2. Nf3 d6 3. d4 exd4 4. Nxd4 Nf6 5. Nc3 Be7 6. Bc4 0-0 7. 0-0 Nxe4 8. Nxe4 d5 9. Bd3 dxe4 10. Bxe4 Bf6 11. Nb5 a6 12. Qxd8 Bxd8 13. Nc3 c6 14. Be3 Be6 15. Na4 Nd7 16. Rfd1 Bc7 17. Rd2 Rad8 18. Rad1 Nf6 19. Rxd8 Rxd8 20. Rxd8+ Bxd8 21. Bf3 Bxa2 22. Nc5 b6 23. Nxa6 c5 24. Bg5 h6 25. Bxf6 Bxf6 26. b3 c4 27. Bd5 cxb3 28. cxb3 Kf8 29. Nb4 Bb1 30. Kf1 Ke7 31. Ke2 Bc3 32. Nc6+ Kd6 33. Bf3 Bc2 34. Nd8 Bxb3 35. Kd3 Bf6 36. Nb7+ Kc7 37. Be4 Be6 38. f3 Bc8 39. Bd5 Bxb7 40. Bxf7 b5 41. Be6 b4 42. Kc4 Bc3 43. Bf5 Kd6 44. Bc2 Bd5+ 45. Kd3 Be5 46. Bd1 b3 47. g3 b2 48. Kc2 Ba2 0-1

[Event "Titled Tuesday intern op 04th May"]
[Site "Chess.com INT"]
[Date "2021.05.04"]
[Round "3"]
[White "Ravi, Thandalam Shanmugam"]
[Black "Izoria, Zviad"]
[Result "1-0"]
[WhiteElo "2236"]
[BlackElo "2602"]
[PlyCount "47"]
[EventDate "2021.05.04"]
[EventType "swiss (blitz)"]
[EventRounds "11"]
[EventCountry "USA"]
[SourceTitle "CBM 202 Extra"]
[Source "ChessBase"]
[SourceDate "2021.07.31"]
[SourceVersion "1"]
[SourceVersionDate "2021.07.31"]
[SourceQuality "1"]

1. e4 c6 2. d4 d5 3. exd5 cxd5 4. c4 Nf6 5. Nc3 e6 6. Nf3 Bb4 7. cxd5 Nxd5 8. Qc2 Nc6 9. a3 Ba5 10. Bd3 h6 11. 0-0 0-0 12. Rd1 Bd7 13. Ne4 Bb6 14. Qe2 Nxd4 15. Nxd4 Bxd4 16. Nd6 Ba4 17. Qe4 Nf6 18. Qxd4 Bxd1 19. Bxh6 Qb6 20. Qe5 Qxf2+ 21. Kh1 Qh4 22. Bg5 Ng4 23. Qf4 Qe1+ 24. Bf1 1-0

[Event "Titled Tuesday intern op 04th May"]
[Site "Chess.com INT"]
[Date "2021.05.04"]
[Round "8"]
[White "Ravi, Thandalam Shanmugam"]
[Black "Kabanova, Ekaterina"]
[Result "1-0"]
[WhiteElo "2236"]
[BlackElo "2138"]
[PlyCount "69"]
[EventDate "2021.05.04"]
[EventType "swiss (blitz)"]
[EventRounds "11"]
[EventCountry "USA"]
[SourceTitle "CBM 202 Extra"]
[Source "ChessBase"]
[SourceDate "2021.07.31"]
[SourceVersion "1"]
[SourceVersionDate "2021.07.31"]
[SourceQuality "1"]

1. e4 c5 2. c3 e6 3. d4 Qc7 4. Nf3 a6 5. Bd3 b5 6. 0-0 Bb7 7. Qe2 Be7 8. a4 bxa4 9. Rxa4 Nf6 10. e5 Nd5 11. Ra1 h6 12. Na3 g5 13. Nc4 Nf4 14. Bxf4 gxf4 15. Be4 Nc6 16. Qd2 cxd4 17. cxd4 Nxe5 18. Ncxe5 Bxe4 19. Qxf4 f5 20. Rac1 Qd6 21. Qg3 Bg5 22. Nxg5 Rg8 23. Nxe4 Qf8 24. Qxg8 Qxg8 25. Nf6+ Ke7 26. Nxg8+ Rxg8 27. Rc7 Rb8 28. Rxd7+ Kf6 29. h4 Rf8 30. Rc1 f4 31. Rcc7 Kf5 32. f3 Rf6 33. Rf7 h5 34. Rxf6+ Kxf6 35. Rf7# 1-0

[Event "Titled Tuesday intern op 01st Dec"]
[Site "Chess.com INT"]
[Date "2020.12.01"]
[Round "4"]
[White "Ravi, Thandalam Shanmugam"]
[Black "Schitco, Ivan"]
[Result "0-1"]
[WhiteElo "2236"]
[BlackElo "2467"]
[PlyCount "76"]
[EventDate "2020.12.01"]
[EventType "swiss (blitz)"]
[EventRounds "11"]
[EventCountry "USA"]
[SourceTitle "CBM 199 Extra"]
[Source "ChessBase"]
[SourceDate "2021.01.31"]
[SourceVersion "1"]
[SourceVersionDate "2021.01.31"]
[SourceQuality "1"]

1. e4 e5 2. Nf3 Nc6 3. Bb5 a6 4. Ba4 Nf6 5. 0-0 Bc5 6. c3 b5 7. Bc2 d5 8. d4 dxe4 9. dxc5 Qxd1 10. Bxd1 exf3 11. Bxf3 e4 12. Be2 0-0 13. Bg5 h6 14. Bxf6 gxf6 15. Nd2 f5 16. Rfd1 Be6 17. g3 Rfd8 18. b3 Ne5 19. Nf1 f4 20. gxf4 Ng6 21. f5 Bxf5 22. Ne3 Be6 23. c4 Nf4 24. Bf1 b4 25. Rxd8+ Rxd8 26. Rd1 Rxd1 27. Nxd1 Kg7 28. f3 exf3 29. Kf2 Bf5 30. Kxf3 Ne6 31. Ne3 Bb1 32. Be2 Bxa2 33. Bd1 Nxc5 34. Nd5 a5 35. Nxc7 Bxb3 36. Bxb3 Nxb3 37. Nb5 a4 38. Ke3 a3 0-1

[Event "Titled Tuesday intern op 27th Oct"]
[Site "Chess.com INT"]
[Date "2020.10.27"]
[Round "7"]
[White "Allahverdiyeva, Ayan"]
[Black "Ravi, Thandalam Shanmugam"]
[Result "0-1"]
[WhiteElo "2088"]
[BlackElo "2236"]
[PlyCount "98"]
[EventDate "2020.10.27"]
[EventType "swiss (blitz)"]
[EventRounds "11"]
[EventCountry "USA"]
[SourceTitle "CBM 199 Extra"]
[Source "ChessBase"]
[SourceDate "2021.01.31"]
[SourceVersion "1"]
[SourceVersionDate "2021.01.31"]
[SourceQuality "1"]

1. e4 c5 2. Nf3 d6 3. d4 cxd4 4. Nxd4 Nf6 5. Nc3 a6 6. Be3 e5 7. Nb3 Be6 8. f3 Be7 9. Qd2 h5 10. a4 Nbd7 11. a5 Rc8 12. Be2 0-0 13. 0-0 Nb8 14. Rfd1 Nc6 15. Bb6 Qe8 16. Nd5 Bxd5 17. exd5 Nb8 18. c4 Nbd7 19. Bf2 Nh7 20. Bd3 f5 21. Re1 Qf7 22. Be2 Rfd8 23. f4 g5 24. Qd1 g4 25. fxe5 Nxe5 26. Nd4 Ng5 27. Qb1 Ne4 28. Ne6 Re8 29. Bd4 Bf6 30. Bd3 Nd2 31. Qc2 Ndf3+ 32. gxf3 Nxf3+ 33. Kh1 Bxd4 34. Bxf5 Qf6 35. Re2 Rb8 36. Rf1 Re7 37. Rg2 Kh8 38. Rxg4 hxg4 39. Bxg4 Rh7 40. Rxf3 Qe5 41. Rf1 Rg8 42. Bf5 Rh5 43. Nxd4 Qxd4 44. Qe2 Qh4 45. Be6 Rd8 46. Qg2 Rh7 47. h3 Rg7 48. Qf3 Qh6 49. Qf5 Re8 0-1

[Event "Titled Tuesday intern op 27th Oct"]
[Site "Chess.com INT"]
[Date "2020.10.27"]
[Round "8"]
[White "Arabidze, Meri"]
[Black "Ravi, Thandalam Shanmugam"]
[Result "1-0"]
[WhiteElo "2437"]
[BlackElo "2236"]
[PlyCount "77"]
[EventDate "2020.10.27"]
[EventType "swiss (blitz)"]
[EventRounds "11"]
[EventCountry "USA"]
[SourceTitle "CBM 199 Extra"]
[Source "ChessBase"]
[SourceDate "2021.01.31"]
[SourceVersion "1"]
[SourceVersionDate "2021.01.31"]
[SourceQuality "1"]

1. d4 Nf6 2. c4 g6 3. Nc3 d5 4. g3 c6 5. Bg2 Bg7 6. cxd5 cxd5 7. Nf3 0-0 8. Ne5 Nc6 9. 0-0 a5 10. Bf4 Be6 11. Rc1 Rc8 12. Nb5 Qb6 13. a4 Nh5 14. Qd2 Nxf4 15. gxf4 Nb4 16. e3 f6 17. Nd3 Nxd3 18. Qxd3 Bf7 19. Bh3 e6 20. Qa3 Rfd8 21. Qe7 Rxc1 22. Rxc1 Re8 23. Qc7 Qxc7 24. Rxc7 Bf8 25. Rxb7 e5 26. fxe5 fxe5 27. dxe5 Rxe5 28. Bg2 Rg5 29. f4 Rf5 30. Nd4 Rf6 31. Rb5 Rd6 32. Rxa5 Bg7 33. Ra8+ Bf8 34. a5 Rd7 35. a6 Kg7 36. a7 Bc5 37. Rg8+ Bxg8 38. a8Q Ra7 39. Qc8 1-0

[Event "Titled Tuesday intern op 27th Oct"]
[Site "Chess.com INT"]
[Date "2020.10.27"]
[Round "3"]
[White "Fier, Alexandr"]
[Black "Ravi, Thandalam Shanmugam"]
[Result "1/2-1/2"]
[WhiteElo "2562"]
[BlackElo "2236"]
[PlyCount "77"]
[EventDate "2020.10.27"]
[EventType "swiss (blitz)"]
[EventRounds "11"]
[EventCountry "USA"]
[SourceTitle "CBM 199 Extra"]
[Source "ChessBase"]
[SourceDate "2021.01.31"]
[SourceVersion "1"]
[SourceVersionDate "2021.01.31"]
[SourceQuality "1"]

1. d4 Nf6 2. Bg5 c5 3. Bxf6 gxf6 4. d5 f5 5. c4 Bg7 6. Nc3 d6 7. e3 Qa5 8. Qc2 b5 9. cxb5 a6 10. b6 Nd7 11. Bd3 Nxb6 12. Nge2 Nxd5 13. 0-0 Nxc3 14. bxc3 e6 15. Rad1 0-0 16. e4 fxe4 17. Bxe4 d5 18. Bxh7+ Kh8 19. Rd3 e5 20. Rxd5 Be6 21. Be4 Bxd5 22. Bxd5 Rad8 23. Qe4 Qb6 24. c4 Qg6 25. Qh4+ Qh6 26. Qg3 f5 27. Qa3 Qb6 28. Ng3 e4 29. f3 Bd4+ 30. Kh1 e3 31. Qd3 Qf6 32. f4 Rb8 33. Ne2 Rb2 34. Rf3 Rd2 35. Rh3+ Kg7 36. Rg3+ Kh8 37. Rh3+ Kg7 38. Rg3+ Kh8 39. Rh3+ 1/2-1/2

[Event "Titled Tuesday intern op 27th Oct"]
[Site "Chess.com INT"]
[Date "2020.10.27"]
[Round "11"]
[White "Ravi, Thandalam Shanmugam"]
[Black "Svicevic, Rastko"]
[Result "1-0"]
[WhiteElo "2236"]
[BlackElo "2215"]
[PlyCount "61"]
[EventDate "2020.10.27"]
[EventType "swiss (blitz)"]
[EventRounds "11"]
[EventCountry "USA"]
[SourceTitle "CBM 199 Extra"]
[Source "ChessBase"]
[SourceDate "2021.01.31"]
[SourceVersion "1"]
[SourceVersionDate "2021.01.31"]
[SourceQuality "1"]

1. d4 d5 2. c4 e6 3. Nc3 f5 4. e3 c6 5. g4 fxg4 6. Qxg4 Nf6 7. Qg2 Qc7 8. f4 Na6 9. Nf3 Bd7 10. Ne5 Rg8 11. c5 0-0-0 12. Rb1 Nb8 13. b4 Be8 14. a4 h6 15. Bd2 g5 16. Qf2 gxf4 17. exf4 Ng4 18. Nxg4 Rxg4 19. Bh3 Rg6 20. f5 Rf6 21. Qh4 Be7 22. Bf4 Qd7 23. Qg3 Na6 24. b5 Nxc5 25. bxc6 Qxc6 26. Nb5 Qa6 27. Bb8 Qa5+ 28. Ke2 Ne4 29. Rhc1+ Bc6 30. Nxa7+ Qxa7 31. Qc7# 1-0

[Event "Dubai op 21st"]
[Site "Dubai"]
[Date "2019.04.09"]
[Round "9"]
[White "Ravi, Thandalam Shanmugam"]
[Black "Manush, Shah"]
[Result "1-0"]
[WhiteElo "2276"]
[BlackElo "2405"]
[PlyCount "75"]
[EventDate "2019.04.01"]
[EventType "swiss"]
[EventRounds "9"]
[EventCountry "UAE"]
[SourceTitle "CBM 189 Extra"]
[Source "ChessBase"]
[SourceDate "2019.06.03"]
[SourceVersion "1"]
[SourceVersionDate "2019.06.03"]
[SourceQuality "1"]

1. e4 c6 2. d4 d5 3. Nd2 dxe4 4. Nxe4 Bf5 5. Ng3 Bg6 6. h4 h6 7. Nf3 Nf6 8. Ne5 Bh7 9. Bd3 Bxd3 10. Qxd3 e6 11. Bd2 Nbd7 12. f4 Be7 13. 0-0-0 0-0 14. Qf3 Qc7 15. Rhe1 c5 16. Nxd7 Qxd7 17. dxc5 Qa4 18. Kb1 Bxc5 19. Bc3 Nd5 20. Nh5 Nb4 21. Bxb4 Qxb4 22. a3 Qa5 23. b4 Bxb4 24. axb4 Qxb4+ 25. Qb3 Qc5 26. Re5 Qe7 27. f5 Qxh4 28. fxe6 fxe6 29. Qxe6+ Kh8 30. Qe7 Qg4 31. Rd7 Rf1+ 32. Kb2 Rg8 33. Rd8 Rff8 34. Qxf8 Rxf8 35. Rxf8+ Kh7 36. Nf6+ gxf6 37. Re7+ Kg6 38. Rg8+ 1-0